| 000 | 01359nam0a2200337 4500 | ||
|---|---|---|---|
| 001 | RU\NLR\BIBL_A\010542904 | ||
| 005 | 20260405154137.0 | ||
| 010 | _a978-5-00030-158-6 | ||
| 021 |
_aRU _b2014-70199 _94305 |
||
| 035 | _a(NILC)RuMoRGB-007554971 | ||
| 035 | _a(NLR Aleph) 010542904 | ||
| 090 |
_a10302737 _c10302737 |
||
| 100 | _a20141124d2014 |||y0rusy50 ca | ||
| 101 | 0 | _arus | |
| 102 | _aRU | ||
| 105 | _aa|||z|||000yy | ||
| 200 | 1 |
_aИллюстрированная неврология развития _fИ. А. Скворцов |
|
| 210 |
_aМосква _cМЕДпресс-информ _d2014 |
||
| 215 |
_a351 с. _cил., цв. ил. _d25 |
||
| 606 | 1 |
_aНервная система детей _jРуководства, пособия и т.п _xРазвитие _92190827 _3RU\NLR\AUTH\661316994 |
|
| 606 | 1 |
_aНервно-психические болезни детей _jРуководства, пособия и т.п _92207075 _3RU\NLR\AUTH\6601560320 |
|
| 686 | 1 | _aР731.962я7 | |
| 686 | 1 | _aР733.62я7 | |
| 686 | 1 | _aР733.64я7 | |
| 700 | 1 |
_8rus _7ca _aСкворцов _bИ. А. _cд-р мед. наук _gИгорь Арнольдович _3RU\NLR\AUTH\7765098 _948027 |
|
| 801 | 0 |
_aRU _bРГБ _c20140919 _gRCR |
|
| 942 | _cBOOK | ||
| 980 | _aNBR | ||
| 980 | _aNB | ||